| 000 | 01283nam a22002297a 4500 | ||
|---|---|---|---|
| 001 | 6496 | ||
| 003 | FISKH | ||
| 005 | 20250528091501.0 | ||
| 008 | 250506b cb ||||| |||| 00| 0 eng d | ||
| 040 |
_aFISKH _bkhr _cFISKH _dFISKH |
||
| 082 | _a895.932102 | ||
| 100 | _aAnonymous | ||
| 245 |
_aមាយើង / _cBy Anonymous |
||
| 260 |
_aPhnom Penh : _c2004. |
||
| 300 |
_a47 pages : _billustrations ; _c21 cm . |
||
| 520 | _aរឿងនេះបង្ហាញពីតម្លៃនៃស្ត្រីខ្មែរ និងការបង្ហាញពីភាពស្មោះស្ម័គ្រនិងការប្រឹងប្រែងក្នុងជីវិត។ វាក៏បង្ហាញពីការប្រកួតប្រជែងក្នុងសង្គម និងការប្រែប្រួលក្នុងទំនាក់ទំនងគ្រួសារ។ | ||
| 521 | 8 | _aThis story highlights the values of Khmer women and illustrates loyalty and perseverance in life. It also portrays social competition and changes in family relationships. | |
| 650 |
_aមាយើង _vអក្សរសិល្ប៍ខ្មែរ |
||
| 650 |
_aMea yerng _vKhmer literature |
||
| 942 |
_2ddc _cKHB _n0 |
||
| 999 |
_c6496 _d6496 |
||